| 000 | 00881cam a2200277Ia 4500 | ||
|---|---|---|---|
| 001 | 47488 | ||
| 005 | 20230410102023.0 | ||
| 008 | 040614s1973 dr f000 0 spa d | ||
| 035 | _a(OCoLC)ocm55644553 | ||
| 040 |
_aBID _cBID |
||
| 035 | _a(OCoLC)55644553 | ||
| 043 | _anwdr--- | ||
| 050 | 1 | 4 |
_a118 HC 153.5 _bR426s 1973 |
| 110 | 1 |
_aRepública Dominicana. _bOficina Nacional de Planificación. |
|
| 245 | 1 | 3 |
_aEl sistema de planificación en la República Dominicana / _cSecretariado Técnico, Oficina Nacional de Planificación. |
| 260 |
_aSanto Domingo, D.N. : _bLa Oficina, _c1973. |
||
| 300 |
_av, 119 p. ; _c28 cm. |
||
| 440 | 0 |
_aPLANDES ; _v14 |
|
| 500 | _aCover title. | ||
| 500 | _a"Mayo, 1973." | ||
| 650 | 0 |
_aEconomic development _xPlanning. |
|
| 651 | 0 |
_aDominican Republic _xEconomic policy. |
|
| 942 |
_2lcc _cbk |
||
| 946 | _aclperez | ||
| 994 |
_aC0 _bDRFGD |
||
| 999 |
_c17414 _d17414 |
||